Statistics for South Park catchphrases

Click here to take the quiz!

General Stats

  • This quiz has been taken 678 times
  • The average score is 10 of 16

Answer Stats

HintAnswer% Correct
"Respect my authoritah!"Cartman
99%
"Oh my God, they killed Kenny!"Stan
98%
"You see, I learnt something today."Kyle
96%
"M'kay."Mr. Mackey
93%
"Hello there, children!"Chef
91%
"Aw, hamburgers..."Butters
85%
"You go to hell! You go to hell and you die!"Mr. Garrison
85%
"What a great audience!"Jimmy
81%
"Hoooowdy ho!"Mr. Hankey
76%
"Wha wha whaaaat?!"Sheila Broflovski
66%
"Oh, Jesus Christ!"Mr. Slave
47%
"Nothing to see here!"Officer Barbrady
45%
"Sit down and shut up!"Ms. Crabtree
30%
"We don't take kindly to your types around here."Skeeter
22%
"They took our jobs!"Darryl Weathers
8%
"You pompous son-of-a-whore!"Marvin Marsh
4%

Score Distribution

Percentile by Number Answered

Percent of People with Each Score

Your Score History

You have not taken this quiz